书目信息 |
| 题名: |
机动车检验技术
|
|
| 作者: | 张雪莉 主编 ;陕西省机动车辆检测协会 编 | |
| 分册: | ||
| 出版信息: | 北京 北京交通大学出版社 2020.7 |
|
| 页数: | 185页 | |
| 开本: | 26cm | |
| 丛书名: | ||
| 单 册: | ||
| 中图分类: | U472.9 | |
| 科图分类: | ||
| 主题词: | 机动车--检测 | |
| 电子资源: | ||
| ISBN: | 978-7-5121-3496-6 | |
| 000 | 00942nam0 2200253 45 | |
| 001 | 012001000233 | |
| 005 | 20140910172558.0 | |
| 010 | @a978-7-5121-3496-6@dCNY39.00 | |
| 100 | @a20180530d2018 em y0chiy50 ea | |
| 101 | 0 | @achi |
| 102 | @aCN@b110000 | |
| 105 | @aa z 000yy | |
| 106 | @ar | |
| 200 | 1 | @a机动车检验技术@b专著@f陕西省机动车辆检测协会编@g陕西省机动车辆检测协会编@Aji dong che jian yan ji shu |
| 210 | @a北京@c北京交通大学出版社@d2020.7 | |
| 215 | @a185页@c图@d26cm | |
| 314 | @a主编:张雪莉 | |
| 330 | @a本书介绍了机动车检验检测基础知识、机动车安全技术检验检测、汽车动力性检测、汽车燃料经济性检测、机动车排气污染物检测、汽车底盘技术性能检测、检测站计算机系统。 | |
| 606 | 0 | @a机动车@x检测 |
| 690 | @aU472.9@v5 | |
| 701 | 0 | @a张雪莉@Azhang xue li@4主编 |
| 712 | 02 | @a陕西省机动车辆检测协会@Ashan xi sheng ji dong che liang jian ce xie hui@4编 |
| 801 | 0 | @aCN@bBJSDL@c20211011 |
| 905 | @b1330906-9@dU472.9@e1008@f4 | |
| 机动车检验技术/陕西省机动车辆检测协会编/陕西省机动车辆检测协会编.-北京:北京交通大学出版社,2020.7 |
| 185页:图;26cm |
| ISBN 978-7-5121-3496-6:CNY39.00 |
| 本书介绍了机动车检验检测基础知识、机动车安全技术检验检测、汽车动力性检测、汽车燃料经济性检测、机动车排气污染物检测、汽车底盘技术性能检测、检测站计算机系统。 |
| ● |
| 相关链接 |
|
|
|
|
正题名:机动车检验技术
索取号:U472.9/1008
 
预约/预借
| 序号 | 登录号 | 条形码 | 馆藏地/架位号 | 状态 | 备注 |
| 1 | 1330906 | 213309061 | 第二样本阅览室/ [索取号:U472.9/1008] | 在馆 | |
| 2 | 1330907 | 213309070 | 第三借阅区/ [索取号:U472.9/1008] | 在馆 | |
| 3 | 1330908 | 213309089 | 第三借阅区/ [索取号:U472.9/1008] | 在馆 | |
| 4 | 1330909 | 213309098 | 第三借阅区/ [索取号:U472.9/1008] | 在馆 |